[Event "Florianopolis op 7th"]
[Site "Florianopolis"]
[Date "2021.01.24"]
[Round "10"]
[White "Cezar, Ricardo de Almeida"]
[Black "Maiberg, Wellington Gubiani"]
[Result "1/2-1/2"]
[WhiteElo "1702"]
[BlackElo "1953"]
[PlyCount "58"]
[EventDate "2021.01.18"]
[EventType "swiss"]
[EventRounds "10"]
[EventCountry "BRA"]
[SourceTitle "CBM 200 Extra"]
[Source "ChessBase"]
[SourceDate "2021.03.31"]
[SourceVersion "1"]
[SourceVersionDate "2021.03.31"]
[SourceQuality "1"]

1. d4 Nf6 2. c4 d5 3. Nc3 g6 4. cxd5 Nxd5 5. e4 Nxc3 6. bxc3 Bg7 7. Bc4 0-0 8. Ne2 c5 9. 0-0 Nc6 10. Be3 Qa5 11. Rc1 Rd8 12. Qb3 e6 13. e5 Bd7 14. g4 Nxe5 15. dxe5 b5 16. Bxb5 Bxb5 17. c4 Bc6 18. f4 g5 19. Qc2 gxf4 20. Bxf4 Qc7 21. Qc3 Bb7 22. Rcd1 Rxd1 23. Rxd1 Qc6 24. Kf2 Qg2+ 25. Ke3 Qf3+ 26. Kd2 Rd8+ 27. Kc1 Rxd1+ 28. Kxd1 Qxg4 29. Qg3 Qh5 1/2-1/2

[Event "Florianopolis op 7th"]
[Site "Florianopolis"]
[Date "2021.01.23"]
[Round "8"]
[White "Arango, Pedro Esteban"]
[Black "Maiberg, Wellington Gubiani"]
[Result "1/2-1/2"]
[WhiteElo "1745"]
[BlackElo "1953"]
[PlyCount "111"]
[EventDate "2021.01.18"]
[EventType "swiss"]
[EventRounds "10"]
[EventCountry "BRA"]
[SourceTitle "CBM 200 Extra"]
[Source "ChessBase"]
[SourceDate "2021.03.31"]
[SourceVersion "1"]
[SourceVersionDate "2021.03.31"]
[SourceQuality "1"]

1. e4 d6 2. d4 Nf6 3. Nc3 g6 4. f4 Bg7 5. Nf3 0-0 6. Bd3 c5 7. d5 e6 8. dxe6 Bxe6 9. f5 Bd7 10. 0-0 Bc6 11. h3 b5 12. fxg6 hxg6 13. Bxb5 Nxe4 14. Nxe4 Bxe4 15. Re1 Bb7 16. c3 Qb6 17. a4 d5 18. Be2 Nc6 19. Be3 Rfe8 20. Bf2 Rad8 21. Qc2 Qa5 22. Rad1 Ne5 23. Nxe5 Rxe5 24. Bf3 Bc6 25. b3 Rxe1+ 26. Bxe1 c4 27. b4 Bxa4 28. bxa5 Bxc2 29. Rxd5 Rb8 30. Rc5 Rb1 31. Kf2 Bd3 32. Bd5 Rb2+ 33. Kf3 Re2 34. Bf2 Re5 35. g4 Kh7 36. Bd4 Re1 37. Bxg7 Kxg7 38. Bxc4 Bxc4 39. Rxc4 Ra1 40. Rc5 Kf6 41. Kf4 g5+ 42. Ke4 Rh1 43. Rc6+ Kg7 44. Kf5 Rxh3 45. Kxg5 Rd3 46. c4 Ra3 47. a6 Rg3 48. Rc7 Ra3 49. Rxa7 Ra4 50. Rc7 Rxa6 51. c5 Re6 52. c6 Re5+ 53. Kf4 Rc5 54. Rc8 Kf6 55. Ke4 Ke7 56. Kf4 1/2-1/2

[Event "Florianopolis op 7th"]
[Site "Florianopolis"]
[Date "2021.01.22"]
[Round "7"]
[White "Sampaio, Andre Luiz"]
[Black "Maiberg, Wellington Gubiani"]
[Result "1/2-1/2"]
[WhiteElo "1657"]
[BlackElo "1953"]
[PlyCount "51"]
[EventDate "2021.01.18"]
[EventType "swiss"]
[EventRounds "10"]
[EventCountry "BRA"]
[SourceTitle "CBM 200 Extra"]
[Source "ChessBase"]
[SourceDate "2021.03.31"]
[SourceVersion "1"]
[SourceVersionDate "2021.03.31"]
[SourceQuality "1"]

1. e4 d6 2. Nf3 Nf6 3. Nc3 g6 4. Bc4 Bg7 5. h3 c5 6. 0-0 0-0 7. d3 Nc6 8. a3 a6 9. Bg5 b5 10. Ba2 h6 11. Be3 e6 12. Qd2 Kh7 13. Ne2 Qe7 14. Ng3 Bb7 15. c3 Qc7 16. h4 Ng4 17. h5 Rae8 18. hxg6+ fxg6 19. Bf4 Qe7 20. Ne2 Rf7 21. Bg3 Qf8 22. Nf4 Rf6 23. Nh2 h5 24. Nxg4 hxg4 25. Ne2 Bh6 26. Qc2 1/2-1/2

[Event "Florianopolis op 6th"]
[Site "Florianopolis"]
[Date "2020.01.25"]
[Round "8"]
[White "Maiberg, Wellington Gubiani"]
[Black "Moritz, Diego Homrich"]
[Result "1-0"]
[WhiteElo "1960"]
[BlackElo "1700"]
[PlyCount "57"]
[EventDate "2020.01.20"]
[EventType "swiss"]
[EventRounds "10"]
[EventCountry "BRA"]
[SourceTitle "CBM 194 Extra"]
[Source "ChessBase"]
[SourceDate "2020.03.31"]
[SourceVersion "1"]
[SourceVersionDate "2020.03.31"]
[SourceQuality "1"]

1. e4 c5 2. Nf3 d6 3. d4 cxd4 4. Nxd4 Nf6 5. Nc3 a6 6. Bg5 e6 7. f4 Be7 8. Qf3 Nbd7 9. 0-0-0 Qc7 10. Bd3 Rb8 11. Rhe1 0-0 12. Qh3 b5 13. e5 dxe5 14. fxe5 Nxe5 15. Rxe5 h6 16. Nf3 hxg5 17. Rxg5 Qf4+ 18. Kb1 e5 19. Qh6 g6 20. Rxg6+ fxg6 21. Qxg6+ Kh8 22. Nd5 Qg4 23. Qh6+ Kg8 24. Nxe7+ Kf7 25. Nxe5+ Kxe7 26. Nxg4 Bxg4 27. Re1+ Kd7 28. Qg7+ Kc6 29. Rf1 1-0

[Event "Florianopolis op 6th"]
[Site "Florianopolis"]
[Date "2020.01.20"]
[Round "1"]
[White "Molina, Roberto Junio Brito"]
[Black "Maiberg, Wellington Gubiani"]
[Result "1/2-1/2"]
[WhiteElo "2431"]
[BlackElo "1960"]
[PlyCount "70"]
[EventDate "2020.01.20"]
[EventType "swiss"]
[EventRounds "10"]
[EventCountry "BRA"]
[SourceTitle "CBM 194 Extra"]
[Source "ChessBase"]
[SourceDate "2020.03.31"]
[SourceVersion "1"]
[SourceVersionDate "2020.03.31"]
[SourceQuality "1"]

1. e4 c5 2. Nf3 e6 3. d4 cxd4 4. Nxd4 Nf6 5. Nc3 Bb4 6. e5 Nd5 7. Bd2 Nxc3 8. bxc3 Be7 9. Qg4 g6 10. h4 a6 11. h5 Rf8 12. hxg6 hxg6 13. Bd3 Qc7 14. f4 Nc6 15. Rh7 d6 16. Nxc6 Qxc6 17. exd6 Bxd6 18. Qe2 Qb6 19. Be3 Bc5 20. Bxc5 Qxc5 21. Qe5 Qxe5+ 22. fxe5 Bd7 23. 0-0-0 Bc6 24. Rf1 Rd8 25. Rf6 Rd5 26. g4 Rxe5 27. Rhxf7 Rxf7 28. Bxg6 Rg5 29. Bxf7+ Ke7 30. Rf4 e5 31. Rf2 Rxg4 32. Bb3 Rg2 33. Rf7+ Kd6 34. Rf6+ Kc5 35. Rf5 Kd6 1/2-1/2

[Event "BRA-ch Regional Sul"]
[Site "Lages"]
[Date "2019.10.20"]
[Round "5"]
[White "Maiberg, Wellington Gubiani"]
[Black "Martins Jr Sobrinho, Manuel De"]
[Result "1/2-1/2"]
[WhiteElo "1954"]
[BlackElo "1981"]
[PlyCount "90"]
[EventDate "2019.10.18"]
[EventType "swiss"]
[EventRounds "5"]
[EventCountry "BRA"]
[SourceTitle "CBM 195 Extra"]
[Source "ChessBase"]
[SourceDate "2020.05.31"]
[SourceVersion "1"]
[SourceVersionDate "2020.05.31"]
[SourceQuality "1"]

1. e4 e5 2. f4 exf4 3. Nf3 d6 4. Bc4 h6 5. d4 g5 6. g3 g4 7. Bxf4 gxf3 8. Qxf3 Be6 9. d5 Bc8 10. 0-0 Qf6 11. Nc3 Nd7 12. Nb5 Kd8 13. c3 Ne5 14. Bxe5 Qxf3 15. Rxf3 dxe5 16. Rxf7 Bc5+ 17. Kg2 Ne7 18. d6 cxd6 19. Rd1 Bg4 20. Nxd6 Bxd1 21. Nxb7+ Ke8 22. Nxc5 Rc8 23. Nb7 Rb8 24. Nd6+ Kd7 25. Nf5 Rxb2+ 26. Kh3 Re8 27. Ng7 Rc8 28. Be6+ Kd8 29. Bxc8 Nxc8 30. Ne6+ Ke8 31. Rc7 Nd6 32. Ng7+ Kf8 33. Ne6+ Kg8 34. Nc5 Rxa2 35. Rd7 Nf7 36. Rxd1 a5 37. Kg4 a4 38. Kf5 a3 39. Kg6 Rb2 40. Ra1 a2 41. Nd3 Rxh2 42. Kf6 Rc2 43. Nxe5 Nxe5 44. Kxe5 Rxc3 45. Rxa2 Rxg3 1/2-1/2

[Event "BRA-ch Regional Sul"]
[Site "Lages"]
[Date "2019.10.19"]
[Round "3"]
[White "Goncalves, Ruan Lucas Alves"]
[Black "Maiberg, Wellington Gubiani"]
[Result "1/2-1/2"]
[WhiteElo "1959"]
[BlackElo "1954"]
[PlyCount "100"]
[EventDate "2019.10.18"]
[EventType "swiss"]
[EventRounds "5"]
[EventCountry "BRA"]
[SourceTitle "CBM 195 Extra"]
[Source "ChessBase"]
[SourceDate "2020.05.31"]
[SourceVersion "1"]
[SourceVersionDate "2020.05.31"]
[SourceQuality "1"]

1. e4 c5 2. Nf3 d6 3. d4 cxd4 4. Nxd4 Nf6 5. Nc3 a6 6. h3 g6 7. g4 Bg7 8. Bg2 0-0 9. Be3 Nfd7 10. f4 Qc7 11. 0-0 Nb6 12. Bf2 e5 13. Nde2 Be6 14. f5 Bc4 15. b3 Bxe2 16. Nxe2 Nc6 17. c4 Rfc8 18. Be3 Nd7 19. fxg6 fxg6 20. Qd5+ Kh8 21. Rf7 Rf8 22. Rxf8+ Bxf8 23. Rf1 Re8 24. Kh1 Qa5 25. Qxa5 Nxa5 26. Nc3 Kg7 27. Nd5 Nc6 28. Nc7 Rc8 29. Ne6+ Kg8 30. Nxf8 Nxf8 31. Rd1 Rd8 32. c5 dxc5 33. Rxd8 Nxd8 34. Bxc5 Nfe6 35. Bd6 Nc6 36. Bf1 Kg7 37. h4 h6 38. Bc4 Ned4 39. Kg2 Nb5 40. Bxb5 axb5 41. Kf2 h5 42. gxh5 gxh5 43. Ke3 Kf6 44. Kd2 Nd4 45. Kc3 Nf3 46. Bc7 Ke6 47. Bd8 Kd7 48. Bf6 Ke6 49. Bd8 Kd7 50. Bf6 Ke6 1/2-1/2

[Event "BRA-ch Regional Sul"]
[Site "Lages"]
[Date "2019.10.18"]
[Round "2"]
[White "Maiberg, Wellington Gubiani"]
[Black "Perondi, Rodolfo Antonio"]
[Result "1/2-1/2"]
[WhiteElo "1954"]
[BlackElo "1869"]
[PlyCount "53"]
[EventDate "2019.10.18"]
[EventType "swiss"]
[EventRounds "5"]
[EventCountry "BRA"]
[SourceTitle "CBM 195 Extra"]
[Source "ChessBase"]
[SourceDate "2020.05.31"]
[SourceVersion "1"]
[SourceVersionDate "2020.05.31"]
[SourceQuality "1"]

1. c4 e5 2. g3 c6 3. Bg2 d5 4. Qc2 Nf6 5. Nf3 e4 6. Nd4 Bc5 7. Nb3 Bb6 8. 0-0 0-0 9. d3 exd3 10. Qxd3 dxc4 11. Qxc4 Be6 12. Qc2 Na6 13. a3 Qc8 14. Bg5 Ng4 15. N1d2 f6 16. Bf4 g5 17. Bd6 Rd8 18. Bb4 c5 19. Bc3 Nb4 20. Qc1 Nd5 21. h3 Nxc3 22. Qxc3 Ne5 23. Kh2 c4 24. Nc1 Bd4 25. Qc2 c3 26. Ne4 Ng4+ 27. hxg4 1/2-1/2

[Event "Florianopolis op 5th"]
[Site "Florianopolis"]
[Date "2019.01.24"]
[Round "6"]
[White "Maiberg, Wellington Gubiani"]
[Black "Lima, Vinicius Taishun"]
[Result "1-0"]
[WhiteElo "1935"]
[BlackElo "1585"]
[PlyCount "36"]
[EventDate "2019.01.21"]
[EventType "swiss"]
[EventRounds "10"]
[EventCountry "BRA"]
[SourceTitle "CBM 188 Extra"]
[Source "ChessBase"]
[SourceDate "2019.02.26"]
[SourceVersion "1"]
[SourceVersionDate "2019.02.26"]
[SourceQuality "1"]

1. e4 c5 2. d4 cxd4 3. c3 dxc3 4. Nxc3 e6 5. Nf3 a6 6. Bc4 b5 7. Bb3 d6 8. 0-0 Ra7 9. Qe2 Rd7 10. Rd1 Nc6 11. Bf4 Bb7 12. Rac1 Nf6 13. e5 dxe5 14. Bxe5 Nxe5 15. Qxe5 Be7 16. Rxd7 Qxd7 17. Qb8+ Qc8 18. Qxc8+ Bxc8 1-0

[Event "Florianopolis op 5th"]
[Site "Florianopolis"]
[Date "2019.01.22"]
[Round "3"]
[White "Bonvini, Adriana Tonhati"]
[Black "Maiberg, Wellington Gubiani"]
[Result "0-1"]
[WhiteElo "1636"]
[BlackElo "1935"]
[PlyCount "78"]
[EventDate "2019.01.21"]
[EventType "swiss"]
[EventRounds "10"]
[EventCountry "BRA"]
[SourceTitle "CBM 188 Extra"]
[Source "ChessBase"]
[SourceDate "2019.02.26"]
[SourceVersion "1"]
[SourceVersionDate "2019.02.26"]
[SourceQuality "1"]

1. e4 c5 2. c3 e6 3. d4 d5 4. e5 Nc6 5. Nf3 Qb6 6. Bd3 Bd7 7. 0-0 cxd4 8. cxd4 Nxd4 9. Nxd4 Qxd4 10. Nc3 Qb6 11. Kh1 Ne7 12. f4 Nc6 13. a3 Be7 14. Rf3 f6 15. Rh3 0-0-0 16. Na4 Qc7 17. Be3 d4 18. Bf2 fxe5 19. fxe5 Nxe5 20. Bxd4 Bc6 21. Bxa7 Qa5 22. Bb6 Qxa4 23. Qxa4 Bxa4 24. Bxd8 Kxd8 25. Rxh7 Rxh7 26. Bxh7 Bc6 27. Be4 Kd7 28. Bxc6+ Kxc6 29. b3 Kd5 30. Rc1 Nc6 31. g3 e5 32. Kg2 Kd4 33. b4 e4 34. h4 Kd3 35. b5 Nd4 36. b6 Kd2 37. Rb1 e3 38. Kf1 e2+ 39. Kf2 Nc2 0-1

[Event "Florianopolis op 5th"]
[Site "Florianopolis"]
[Date "2019.01.21"]
[Round "1"]
[White "Lopes, Leonardo Borges"]
[Black "Maiberg, Wellington Gubiani"]
[Result "0-1"]
[WhiteElo "1327"]
[BlackElo "1935"]
[PlyCount "82"]
[EventDate "2019.01.21"]
[EventType "swiss"]
[EventRounds "10"]
[EventCountry "BRA"]
[SourceTitle "CBM 188 Extra"]
[Source "ChessBase"]
[SourceDate "2019.02.26"]
[SourceVersion "1"]
[SourceVersionDate "2019.02.26"]
[SourceQuality "1"]

1. c4 Nf6 2. Nc3 e6 3. e4 c5 4. f4 d6 5. Nf3 Nc6 6. d4 cxd4 7. Nxd4 Be7 8. Be3 Qa5 9. Nxc6 bxc6 10. Bd3 Rb8 11. Rb1 e5 12. f5 d5 13. cxd5 cxd5 14. Qa4+ Qxa4 15. Nxa4 dxe4 16. Bc2 Bb4+ 17. Kf2 Bxf5 18. Nc3 0-0 19. h3 Bxc3 20. bxc3 Nd5 21. c4 Nc3 22. Rb3 Rxb3 23. axb3 Rb8 24. Bd1 Rd8 25. Bc2 Na2 26. Ke2 Nb4 27. Rd1 Rxd1 28. Kxd1 Nc6 29. Kd2 a5 30. Bd1 Be6 31. Kc3 f5 32. Bc5 Kf7 33. Bc2 Ke8 34. Kd2 Kd7 35. Ke3 g6 36. Bd1 Nb4 37. Bxb4 axb4 38. g4 Kc6 39. Be2 Kc5 40. Bd1 Bd7 41. Be2 Bc6 0-1

[Event "Florianopolis op 4th"]
[Site "Florianopolis"]
[Date "2018.01.23"]
[Round "7"]
[White "Campelo, Leandro Fabricio"]
[Black "Maiberg, Wellington Gubiani"]
[Result "0-1"]
[WhiteElo "2208"]
[BlackElo "1924"]
[PlyCount "80"]
[EventDate "2018.01.19"]
[EventType "swiss"]
[EventRounds "10"]
[EventCountry "BRA"]
[SourceTitle "EXT 2019"]
[Source "ChessBase"]
[SourceDate "2018.10.10"]
[SourceVersion "1"]
[SourceVersionDate "2018.10.10"]
[SourceQuality "1"]

1. e4 c5 2. Nf3 e6 3. d4 cxd4 4. Nxd4 Nf6 5. Nc3 Bb4 6. Bd3 Nc6 7. Nxc6 dxc6 8. 0-0 e5 9. h3 0-0 10. Qe2 Re8 11. Bg5 h6 12. Bd2 Be6 13. Rae1 Nd7 14. a3 Bf8 15. Rd1 Nc5 16. Bc4 Qb6 17. b4 Bxc4 18. Qxc4 Ne6 19. Be3 Qc7 20. Ne2 a5 21. c3 axb4 22. axb4 b5 23. Qb3 Ra4 24. Rd2 Rea8 25. Rfd1 Ra3 26. Qb2 Qe7 27. Nc1 Qh4 28. Qc2 Ng5 29. Bxg5 Qxg5 30. Rd7 Ra1 31. Nb3 R1a2 32. Qd3 R8a3 33. Nc1 Ra1 34. Qc2 g6 35. Rd8 Kg7 36. Rc8 Ra6 37. Ne2 R6a2 38. Qb3 Qd2 39. Rxa1 Rxa1+ 40. Kh2 Qxe2 0-1

[Event "Florianopolis Winter Amateur op"]
[Site "Florianopolis"]
[Date "2017.08.11"]
[Round "2"]
[White "Maiberg, Wellington Gubiani"]
[Black "Sarda, Pedro Sada"]
[Result "1-0"]
[WhiteElo "1919"]
[BlackElo "1404"]
[PlyCount "105"]
[EventDate "2017.08.11"]
[EventType "swiss"]
[EventRounds "7"]
[EventCountry "BRA"]
[SourceTitle "CBM 180 Extra"]
[Source "ChessBase"]
[SourceDate "2017.10.06"]
[SourceVersion "1"]
[SourceVersionDate "2017.10.06"]
[SourceQuality "1"]

1. e4 c5 2. d4 cxd4 3. c3 d5 4. cxd4 dxe4 5. Nc3 Nf6 6. Bc4 Nbd7 7. Qb3 e6 8. Nh3 Be7 9. Ng5 0-0 10. 0-0 Nb6 11. Rd1 Nxc4 12. Qxc4 b6 13. Ngxe4 Bb7 14. Qe2 Nxe4 15. Nxe4 Qd5 16. f3 Rac8 17. Be3 Rfd8 18. a3 Qb3 19. Rd2 Rc6 20. Rad1 Rdc8 21. d5 exd5 22. Nc3 Re6 23. Qf2 Qc4 24. Kh1 Bc5 25. Bxc5 Qxc5 26. Qh4 Rce8 27. h3 Rh6 28. Qa4 Rhe6 29. Qh4 Qe7 30. Qxe7 R6xe7 31. Nxd5 Re1+ 32. Kh2 Rxd1 33. Rxd1 Kf8 34. Nc3 f6 35. Rd2 Re6 36. Kg3 Ke8 37. Nb5 Ke7 38. Nxa7 Re5 39. a4 Rd5 40. Rxd5 Bxd5 41. Nc8+ Ke6 42. Nxb6 Bc6 43. Kf4 g6 44. Ke3 Kd6 45. Kd4 f5 46. b3 h5 47. h4 Bb7 48. b4 Ke6 49. b5 Kf6 50. Nd7+ Ke7 51. Ne5 Kf6 52. a5 g5 53. a6 1-0

[Event "Catarinense-ch"]
[Site "Blumenau"]
[Date "2017.05.20"]
[Round "4"]
[White "Maiberg, Wellington Gubiani"]
[Black "Goncalves, Eduardo Galina"]
[Result "1-0"]
[WhiteElo "1892"]
[BlackElo "1784"]
[PlyCount "67"]
[EventDate "2017.05.19"]
[EventType "swiss"]
[EventRounds "6"]
[EventCountry "BRA"]
[SourceTitle "CBM 178 Extra"]
[Source "ChessBase"]
[SourceDate "2017.06.22"]
[SourceVersion "1"]
[SourceVersionDate "2017.06.22"]
[SourceQuality "1"]

1. c4 Nf6 2. Nf3 g6 3. g3 Bg7 4. Bg2 0-0 5. 0-0 d6 6. d4 Nbd7 7. b3 e5 8. Bb2 Qe7 9. Nc3 Ne8 10. Qc2 Nb6 11. Rfd1 Bd7 12. a4 f5 13. dxe5 dxe5 14. Ba3 c5 15. a5 Nc8 16. Nd5 Qd8 17. Bxc5 Rf7 18. a6 b6 19. Ba3 e4 20. Nd4 Nf6 21. Nxf6+ Bxf6 22. Ne6 Qe8 23. Nc7 Qd8 24. Nxa8 Bxa1 25. Rxa1 Ne7 26. Rd1 Nc6 27. f3 exf3 28. Bxf3 Qxa8 29. Bd5 Kg7 30. Bxf7 Kxf7 31. Rxd7+ Kg8 32. Qc3 Qf8 33. Bxf8 Kxf8 34. Qh8# 1-0

[Event "Florianopolis zt 2.4"]
[Site "Florianopolis"]
[Date "2017.04.29"]
[Round "5"]
[White "Gisclan, Heverton"]
[Black "Maiberg, Wellington Gubiani"]
[Result "1/2-1/2"]
[WhiteElo "2153"]
[BlackElo "1892"]
[PlyCount "35"]
[EventDate "2017.04.26"]
[EventType "swiss"]
[EventRounds "9"]
[EventCountry "BRA"]
[SourceTitle "CBM 178 Extra"]
[Source "ChessBase"]
[SourceDate "2017.06.22"]
[SourceVersion "1"]
[SourceVersionDate "2017.06.22"]
[SourceQuality "1"]

1. e4 c5 2. Nc3 e6 3. Nf3 Nf6 4. e5 Nd5 5. Nxd5 exd5 6. d4 d6 7. Bb5+ Nc6 8. 0-0 Be7 9. exd6 Qxd6 10. dxc5 Qxc5 11. Nd4 0-0 12. Bxc6 bxc6 13. Be3 Qd6 14. Nb3 Qc7 15. Re1 Bd6 16. h3 Bf5 17. Bc5 Bxc5 18. Nxc5 1/2-1/2

[Event "Florianopolis zt 2.4"]
[Site "Florianopolis"]
[Date "2017.04.29"]
[Round "6"]
[White "Maiberg, Wellington Gubiani"]
[Black "Fiaes, Mario Henrique"]
[Result "1-0"]
[WhiteElo "1892"]
[BlackElo "2154"]
[PlyCount "83"]
[EventDate "2017.04.26"]
[EventType "swiss"]
[EventRounds "9"]
[EventCountry "BRA"]
[SourceTitle "CBM 178 Extra"]
[Source "ChessBase"]
[SourceDate "2017.06.22"]
[SourceVersion "1"]
[SourceVersionDate "2017.06.22"]
[SourceQuality "1"]

1. e4 e5 2. Bc4 Nc6 3. d3 Nf6 4. f4 Bc5 5. Nf3 d6 6. Nc3 0-0 7. Na4 Bb6 8. Nxb6 axb6 9. c3 Re8 10. 0-0 Be6 11. Bxe6 Rxe6 12. f5 Re8 13. Bg5 d5 14. Qe1 dxe4 15. dxe4 Ra4 16. b3 Ra3 17. Qh4 Qe7 18. Bxf6 gxf6 19. Nd2 Kh8 20. Rf3 Rg8 21. Nc4 Raa8 22. Kh1 Nb8 23. Rh3 Rg7 24. Rd3 Nd7 25. Ne3 c6 26. Rad1 Nc5 27. R3d2 Rg5 28. b4 Na4 29. Rd7 Qf8 30. Ng4 Nxc3 31. Nxf6 Rg7 32. R1d2 Nxa2 33. Nxh7 Rxh7 34. Qf6+ Kg8 35. Rd8 Nxb4 36. Rxa8 Qxa8 37. Rd8+ Qxd8 38. Qxd8+ Kg7 39. Qg5+ Kf8 40. f6 c5 41. Qf5 Rh8 42. Qc8# 1-0

[Event "Florianopolis Taca Cup"]
[Site "Florianopolis"]
[Date "2017.03.25"]
[Round "3"]
[White "Maiberg, Wellington Gubiani"]
[Black "Koinski, Carlos Cesar"]
[Result "0-1"]
[WhiteElo "1913"]
[BlackElo "1355"]
[PlyCount "90"]
[EventDate "2017.03.24"]
[EventType "swiss"]
[EventRounds "6"]
[EventCountry "BRA"]
[SourceTitle "CBM 177 Extra"]
[Source "ChessBase"]
[SourceDate "2017.04.27"]
[SourceVersion "1"]
[SourceVersionDate "2017.04.27"]
[SourceQuality "1"]

1. e4 e5 2. Nf3 d6 3. d4 exd4 4. Nxd4 Nf6 5. Nc3 Be7 6. Bc4 h6 7. 0-0 Bd7 8. b3 Nc6 9. h3 a6 10. Re1 Ne5 11. Bf1 0-0 12. f4 Ng6 13. g3 Re8 14. Bb2 Qc8 15. Kh2 Rb8 16. Qd2 c5 17. Nf3 Bc6 18. Nd5 Nxd5 19. exd5 Bd7 20. Re2 b5 21. Rae1 Bf8 22. g4 Rxe2+ 23. Bxe2 Bxg4 24. hxg4 Qxg4 25. Rg1 Qh5+ 26. Kg2 Re8 27. Kf2 Re4 28. Rxg6 fxg6 29. Bd3 Re7 30. c4 b4 31. Qc2 g5 32. Bg6 Qh3 33. Bh7+ Kh8 34. Qf5 Qxf5 35. Bxf5 Rf7 36. Bg6 Rxf4 37. Bc1 Rf6 38. Bh5 Kg8 39. Kg3 Be7 40. Bg4 Rf8 41. Nd2 Bf6 42. Ne4 Be5+ 43. Kg2 Kh8 44. Be3 a5 45. Bf2 Rf4 0-1

[Event "Florianopolis Taca Cup"]
[Site "Florianopolis"]
[Date "2017.03.24"]
[Round "1"]
[White "Maiberg, Wellington Gubiani"]
[Black "Cezar, Ricardo de Almeida"]
[Result "1-0"]
[WhiteElo "1913"]
[BlackElo "1501"]
[PlyCount "43"]
[EventDate "2017.03.24"]
[EventType "swiss"]
[EventRounds "6"]
[EventCountry "BRA"]
[SourceTitle "CBM 177 Extra"]
[Source "ChessBase"]
[SourceDate "2017.04.27"]
[SourceVersion "1"]
[SourceVersionDate "2017.04.27"]
[SourceQuality "1"]

1. e4 c6 2. d4 d5 3. Nc3 dxe4 4. Nxe4 Bf5 5. Ng3 Bg6 6. h4 h6 7. N1e2 Nf6 8. Nf4 Bh7 9. Bc4 e6 10. Qe2 Bd6 11. Bd2 0-0 12. 0-0-0 Re8 13. Ngh5 Nbd7 14. Nxf6+ Qxf6 15. Nh5 Qe7 16. g4 b5 17. Bd3 a5 18. g5 Bxd3 19. Qxd3 g6 20. gxh6 gxh5 21. Rdg1+ Kh8 22. Rg7 1-0

[Event "Florianopolis op 3rd"]
[Site "Florianopolis"]
[Date "2017.01.25"]
[Round "9"]
[White "Caribe Santos, Luiz Carlos"]
[Black "Maiberg, Wellington Gubiani"]
[Result "0-1"]
[WhiteElo "1568"]
[BlackElo "1898"]
[PlyCount "114"]
[EventDate "2017.01.20"]
[EventType "swiss"]
[EventRounds "10"]
[EventCountry "BRA"]
[SourceTitle "CBM 176 Extra"]
[Source "ChessBase"]
[SourceDate "2017.03.02"]
[SourceVersion "1"]
[SourceVersionDate "2017.03.02"]
[SourceQuality "1"]

1. d4 d6 2. c4 e5 3. dxe5 dxe5 4. Qxd8+ Kxd8 5. Nc3 Be6 6. e3 Nd7 7. Nf3 f6 8. Be2 c6 9. 0-0 Kc7 10. Rd1 Rd8 11. a3 Nb6 12. Rxd8 Kxd8 13. b3 Nh6 14. e4 Nf7 15. Rb1 Kc7 16. a4 Be7 17. a5 Nc8 18. b4 Rd8 19. Be3 Nfd6 20. Nd2 Nf7 21. c5 a6 22. f4 exf4 23. Bxf4+ Kd7 24. Bc4 g5 25. Bg3 h5 26. h3 Bxc4 27. Nxc4 Ke6 28. Rd1 Rxd1+ 29. Nxd1 f5 30. exf5+ Kxf5 31. Nf2 Bf6 32. Nd1 Ke4 33. Bc7 Be5 34. Bxe5 Nxe5 35. Nxe5 Kxe5 36. Ne3 Ne7 37. Nc4+ Kd4 38. Nd6 Nd5 39. Nxb7 Nxb4 40. Kf2 Nd3+ 41. Kf3 Nxc5 42. Nd8 Kd5 43. Nf7 Ne6 44. Ke3 c5 45. g4 h4 46. Kd2 Ke4 47. Kc3 Kf4 48. Kc4 Kg3 49. Kd5 Kxh3 50. Kxe6 Kxg4 51. Ne5+ Kg3 52. Kf5 h3 53. Ng4 c4 54. Ne3 c3 55. Nf1+ Kf2 56. Nh2 c2 57. Ng4+ Ke2 0-1

[Event "Florianopolis op 3rd"]
[Site "Florianopolis"]
[Date "2017.01.20"]
[Round "1"]
[White "Damschi, Gustavo Giovanni"]
[Black "Maiberg, Wellington Gubiani"]
[Result "0-1"]
[WhiteElo "1775"]
[BlackElo "1898"]
[PlyCount "57"]
[EventDate "2017.01.20"]
[EventType "swiss"]
[EventRounds "10"]
[EventCountry "BRA"]
[SourceTitle "CBM 176 Extra"]
[Source "ChessBase"]
[SourceDate "2017.03.02"]
[SourceVersion "1"]
[SourceVersionDate "2017.03.02"]
[SourceQuality "1"]

1. Nf3 Nf6 2. g3 g6 3. Bg2 Bg7 4. 0-0 d5 5. d3 0-0 6. Nbd2 c5 7. e4 Nc6 8. Re1 b6 9. exd5 Nxd5 10. a4 Bb7 11. Nc4 Qc7 12. Ng5 Rad8 13. c3 e5 14. Ne3 Nce7 15. Qe2 h6 16. Nf3 Nxe3 17. Bxe3 Nf5 18. g4 Nd6 19. a5 b5 20. h3 Rfe8 21. Qc2 e4 22. dxe4 Bxe4 23. Qc1 Qc6 24. Nh4 g5 25. Bxe4 Rxe4 26. Ng2 Nc4 27. f3 Rde8 28. Rf1 Rxe3 29. Qc2 0-1

[Event "Santa Catarina-ch sf1"]
[Site "Sao Bento do Sul"]
[Date "2016.03.06"]
[Round "6"]
[White "Maiberg, Wellington Gubiani"]
[Black "Furmam, Fernando Gustavo"]
[Result "1/2-1/2"]
[WhiteElo "1907"]
[BlackElo "1659"]
[PlyCount "32"]
[EventDate "2016.03.04"]
[EventType "swiss"]
[EventRounds "6"]
[EventCountry "BRA"]
[SourceTitle "EXT 2018"]
[Source "ChessBase"]
[SourceDate "2017.10.13"]
[SourceVersion "1"]
[SourceVersionDate "2017.10.13"]
[SourceQuality "1"]

1. e4 c5 2. Nf3 a6 3. c4 Nc6 4. d4 cxd4 5. Nxd4 Nf6 6. Nc3 e5 7. Nc2 Bc5 8. Be2 0-0 9. 0-0 d6 10. Kh1 Nd4 11. f3 Be6 12. Rb1 Rc8 13. Ne3 Nxe2 14. Qxe2 Bxe3 15. Qxe3 Bxc4 16. Rd1 Qc7 1/2-1/2

[Event "Santa Catarina-ch sf1"]
[Site "Sao Bento do Sul"]
[Date "2016.03.05"]
[Round "4"]
[White "Maiberg, Wellington Gubiani"]
[Black "Cezar, Ricardo de Almeida"]
[Result "1-0"]
[WhiteElo "1907"]
[BlackElo "1584"]
[PlyCount "59"]
[EventDate "2016.03.04"]
[EventType "swiss"]
[EventRounds "6"]
[EventCountry "BRA"]
[SourceTitle "EXT 2018"]
[Source "ChessBase"]
[SourceDate "2017.10.13"]
[SourceVersion "1"]
[SourceVersionDate "2017.10.13"]
[SourceQuality "1"]

1. e4 c5 2. Nf3 d6 3. d4 cxd4 4. Nxd4 a6 5. c4 Nf6 6. Nc3 e5 7. Nc2 Be7 8. Be2 0-0 9. 0-0 Be6 10. Be3 Nbd7 11. Rc1 Rc8 12. b3 Ne8 13. Qd2 f5 14. f3 f4 15. Bf2 h5 16. Nb4 h4 17. Nbd5 Bg5 18. h3 Bh6 19. Rfd1 Qg5 20. Kh1 Rd8 21. Qe1 Qh5 22. Ne7+ Kf7 23. Nf5 Bxf5 24. exf5 Bg5 25. c5 Ndf6 26. Bc4+ Ke7 27. cxd6+ Kd7 28. Be6+ Kc6 29. Nb1+ Kb5 30. a4# 1-0